[Event "World Blitz 2015"]
[Site "Berlin GER"]
[Date "2015.10.13"]
[Round "9.60"]
[White "Mikhalevski, Victor"]
[Black "Bachmann, Axel"]
[Result "0-1"]
[WhiteTitle "GM"]
[BlackTitle "GM"]
[WhiteElo "2536"]
[BlackElo "2593"]
[WhiteFideId "2801914"]
[BlackFideId "3700488"]
[EventDate "2015.10.13"]

1. Nf3 g6 2. d4 Bg7 3. c4 d6 4. Nc3 Nf6 5. e4 O-O 6. Be2 Bg4 7. Be3 Nfd7 8. h4
c5 9. d5 Re8 10. h5 e6 11. hxg6 hxg6 12. dxe6 Bxe6 13. Qd2 Nc6 14. Bh6 Bf6 15.
Bg5 Nd4 16. Bxf6 Qxf6 17. Nxd4 cxd4 18. Nb5 Nc5 19. Qxd4 Qxd4 20. Nxd4 Nxe4 21.
O-O Rac8 22. Rac1 Bd7 23. Rfd1 a6 24. Bd3 Ba4 25. b3 Bd7 26. Bxe4 Rxe4 27. Rc2
Kg7 28. Rcd2 b5 29. cxb5 axb5 30. Nf3 Bg4 31. Rxd6 Bxf3 32. gxf3 Re2 33. R6d2
Re5 34. Rd5 Re2 35. R1d2 Re1+ 36. Kg2 Rb8 37. Rc5 b4 38. Rc4 Rb6 39. Rdd4 Ra6
40. Rd2 Rb6 41. f4 Ra1 42. Kf3 Rb5 43. Rdd4 Rxa2 44. Rxb4 Rh5 45. Kg3 Rh1 46.
Rb7 Rg1+ 47. Kf3 Rf1 48. b4 Rfxf2+ 49. Ke3 Rae2+ 50. Kd3 Rd2+ 51. Ke3 Rxd4 52.
Kxd4 Rxf4+ 53. Kc5 g5 54. b5 g4 55. Ra7 Rf2 56. b6 Rc2+ 57. Kd6 Rb2 58. Kc7 f5
59. b7 g3 60. Ra6 Rxb7+ 61. Kxb7 g2 62. Ra5 g1=Q 63. Rxf5 Qb1+ 0-1

[Event "World Blitz 2015"]
[Site "Berlin GER"]
[Date "2015.10.13"]
[Round "9.61"]
[White "Roiz, Michael"]
[Black "Heimann, Andreas"]
[Result "1-0"]
[WhiteTitle "GM"]
[BlackTitle "IM"]
[WhiteElo "2600"]
[BlackElo "2546"]
[WhiteFideId "2804158"]
[BlackFideId "24624632"]
[EventDate "2015.10.13"]

1. Nf3 Nf6 2. g3 c5 3. Bg2 g6 4. d4 cxd4 5. Nxd4 d5 6. c4 dxc4 7. O-O Bg7 8. Na3
O-O 9. Nxc4 Nbd7 10. Nb3 Qc7 11. Qd3 Rd8 12. Bf4 e5 13. Nxe5 Nxe5 14. Bxe5 Qe7
15. Qb5 Bg4 16. Rfe1 a6 17. Qc5 Qd7 18. Rac1 Rac8 19. Qa5 Rxc1 20. Nxc1 Re8 21.
Nd3 Bf5 22. Qc3 Bxd3 23. exd3 Rc8 24. Qd4 Qxd4 25. Bxd4 Rd8 26. Bc3 Nd5 27. Bxg7
Kxg7 28. a3 b6 29. Rc1 Rd6 30. Kf1 Ne7 31. Ke2 Nf5 32. Kd2 Nd4 33. Rc7 a5 34. b4
axb4 35. axb4 Rf6 36. f4 Re6 37. Bd5 Re2+ 38. Kd1 Rxh2 39. Rxf7+ Kh6 40. Rb7 Nf5 1-0

[Event "World Blitz 2015"]
[Site "Berlin GER"]
[Date "2015.10.13"]
[Round "9.64"]
[White "Agdestein, Simen"]
[Black "Schmaltz, Roland"]
[Result "0-1"]
[WhiteTitle "GM"]
[BlackTitle "GM"]
[WhiteElo "2606"]
[BlackElo "2504"]
[WhiteFideId "1500015"]
[BlackFideId "4614054"]
[EventDate "2015.10.13"]

1. c4 Nf6 2. Nc3 g6 3. e4 d6 4. d4 Bg7 5. Nf3 O-O 6. Be2 Na6 7. Bg5 Qe8 8. O-O
e5 9. d5 Nh5 10. g3 Bd7 11. Bd2 Nf6 12. Ne1 Nc5 13. f3 a5 14. b3 Kh8 15. Be3 b6
16. a3 a4 17. b4 Nb3 18. Ra2 Ng8 19. Ng2 Nd4 20. Bd3 f5 21. Ne2 fxe4 22. Bxe4
Nf5 23. Bf2 Nf6 24. Bb1 Qf7 25. g4 Ne7 26. h3 b5 27. Nc3 bxc4 28. Be4 h5 29. Bh4
Nxe4 30. fxe4 Qxf1+ 31. Qxf1 Rxf1+ 32. Kxf1 Ng8 33. Ne3 Bf6 34. Bxf6+ Nxf6 35.
Rg2 hxg4 36. hxg4 Kg7 37. Kg1 Rh8 38. g5 Nh5 39. Nxc4 Nf4 40. Rg3 Rh5 41. Nb2
Nh3+ 42. Kg2 Nxg5 43. b5 Bh3+ 44. Kg1 Kf6 45. Nbxa4 Rh4 46. Nb2 Bg4 47. Nd3 Nf3+
48. Kf2 Nd4 49. Ke3 Bd7 50. a4 Rh1 51. Rg2 Rh3+ 52. Kd2 Nb3+ 53. Kc2 Nd4+ 54.
Kd2 Nf3+ 55. Kc1 Nd4 56. Kd2 g5 57. Nf2 Rf3 58. Nh1 g4 59. Ng3 Kg5 60. Nge2 Nxe2
61. Rxe2 Kf4 62. Rh2 g3 63. Rh4+ Kg5 64. Rh7 Bg4 65. Rg7+ Kh5 66. Ne2 Rf2 67.
Ke3 Rxe2+ 68. Kd3 Ra2 0-1

[Event "World Blitz 2015"]
[Site "Berlin GER"]
[Date "2015.10.13"]
[Round "9.65"]
[White "Ladva, Ottomar"]
[Black "Nielsen, Peter Heine"]
[Result "1/2-1/2"]
[WhiteTitle "IM"]
[BlackTitle "GM"]
[WhiteElo "2423"]
[BlackElo "2654"]
[WhiteFideId "4500024"]
[BlackFideId "1400355"]
[EventDate "2015.10.13"]

1. d4 e6 2. Nf3 f5 3. g3 Nf6 4. Bg2 Be7 5. O-O O-O 6. c4 Ne4 7. Nc3 Bf6 8. Qc2
Nxc3 9. Qxc3 d6 10. b3 Nc6 11. Bb2 e5 12. dxe5 dxe5 13. Rad1 Qe8 14. Qc2 e4 15.
Nd4 Nxd4 16. Bxd4 Bxd4 17. Rxd4 c6 18. Rfd1 Qe5 19. Qd2 Be6 20. Rd6 a5 21. Qd4
Qxd4 22. R1xd4 Kf7 23. a3 Ke7 24. e3 c5 25. Rd2 a4 26. Rb6 Rfb8 27. b4 Ra6 28.
bxc5 Rxb6 29. cxb6 Bxc4 30. Rc2 Rc8 31. g4 Be6 32. Rxc8 Bxc8 33. gxf5 Bxf5 34.
f3 exf3 35. Bxf3 Bc8 36. Bd1 Kd6 37. Bxa4 Kc5 38. Kf2 Kxb6 39. Kg3 Kc5 40. Kf4
Kc4 41. e4 Kd4 42. Bc2 Kc3 43. Bd1 b5 44. Ke5 Kb2 45. Be2 Bd7 46. Kd6 Be8 47. e5
Kxa3 48. Ke7 Bc6 49. Kd6 Be8 50. Ke7 Bc6 51. Kd6 Be8 52. Ke7 Bc6 1/2-1/2

[Event "World Blitz 2015"]
[Site "Berlin GER"]
[Date "2015.10.13"]
[Round "9.66"]
[White "Papin, Vasily"]
[Black "Guliyev, Namig"]
[Result "1/2-1/2"]
[WhiteTitle "GM"]
[BlackTitle "GM"]
[WhiteElo "2502"]
[BlackElo "2579"]
[WhiteFideId "4143183"]
[BlackFideId "13400363"]
[EventDate "2015.10.13"]

1. c4 c6 2. Nf3 d5 3. e3 Nf6 4. Qc2 e6 5. b3 Nbd7 6. Bb2 b6 7. Nc3 Bb7 8. d4 Bd6
9. Bd3 O-O 10. O-O Rc8 11. Rfd1 h6 12. Rac1 Qe7 13. Qe2 Rfe8 14. h3 Ba3 15. Bxa3
Qxa3 16. Bb1 Qe7 17. Ne5 c5 18. Nxd7 Qxd7 19. cxd5 exd5 20. dxc5 bxc5 21. Na4
Qe7 22. Qb5 d4 23. exd4 cxd4 24. Rxc8 Rxc8 25. Qd3 Rd8 26. Nb2 Ne4 27. Re1 Qh4
28. Rxe4 Bxe4 29. Qxe4 Qf6 30. Nc4 g6 31. Bd3 Qg5 32. g3 Qc5 33. h4 h5 34. Qf3
Re8 35. Qb7 Kg7 36. Qf3 Re7 37. Qf4 a5 38. Qf3 Re1+ 39. Kg2 Re7 40. Qd1 Qd5+ 41.
Kg1 Ra7 42. a4 Qc5 43. Bc2 Re7 44. Qd2 Ra7 45. Qe2 Re7 46. Qd2 Ra7 47. Qe1 Kf6
48. Qc1 Kg7 49. Bd3 Qb4 50. Qd1 Re7 51. Kf1 Qc3 52. Be2 Rb7 53. Kg2 Rxb3 54.
Nxa5 Rb4 55. Qd3 Qxd3 56. Bxd3 Rxa4 57. Nc4 f5 58. Kf3 Kf6 59. Nb6 Ra3 60. Ke2
Ra2+ 61. Ke1 Ke5 62. Nc4+ Kf6 63. Nd2 Ra3 64. Ke2 Ra2 65. Bc4 Ra3 66. Bb3 g5 67.
hxg5+ Kxg5 68. Nf3+ Kf6 69. Nxd4 f4 70. Kf3 fxg3 71. fxg3 Ke5 72. Ke3 Kf6 73.
Ke4 Ra1 74. Nf3 Rb1 75. Bc2 Rb4+ 76. Ke3 Rb2 77. Be4 Rb4 78. Kf4 Ra4 79. Ne5 Rb4
80. Nd7+ Ke6 81. Nc5+ Kf6 82. Nd3 Rd4 83. Ne5 Ra4 84. Nf3 Ra3 85. Ng1 Ra1 86.
Nf3 Ra3 87. Nd4 Ra4 88. Ne2 Ra1 89. Nc3 Rc1 90. Nd5+ Ke6 91. Ne3 Kf6 92. Bf3 Rc5
93. Nd5+ Kg6 94. Be4+ Kh6 95. Kf5 Rc1 96. Nf4 Rg1 97. Ne2 Re1 98. Bf3 Ra1 99.
Be4 Ra5+ 100. Kf4 Ra4 101. Nc3 Rd4 102. Nd5 Ra4 103. Ne7 Rb4 104. Nf5+ Kg6 105.
Ne7+ Kh6 106. Ke5 Kg5 107. Nd5 Rxe4+ 108. Kxe4 Kg4 109. Nf6+ Kxg3 110. Nxh5+ 1/2-1/2

[Event "World Blitz 2015"]
[Site "Berlin GER"]
[Date "2015.10.13"]
[Round "9.67"]
[White "Jumabayev, Rinat"]
[Black "Carow, Johannes"]
[Result "1-0"]
[WhiteTitle "GM"]
[BlackTitle "FM"]
[WhiteElo "2606"]
[BlackElo "2431"]
[WhiteFideId "13702661"]
[BlackFideId "24692050"]
[EventDate "2015.10.13"]

1. d4 Nf6 2. c4 c5 3. d5 b5 4. cxb5 a6 5. bxa6 g6 6. Nc3 Bg7 7. g3 O-O 8. Bg2 d6
9. Nf3 Nbd7 10. O-O Nb6 11. Ne1 Rxa6 12. Nc2 Bb7 13. Rb1 Qa8 14. Ne3 Na4 15. Nb5
Rb6 16. Na3 Nd7 17. Qc2 Rb8 18. Nac4 Ra6 19. Rd1 Nab6 20. a3 Nxc4 21. Nxc4 Nb6
22. Ne3 Bc8 23. b3 Nd7 24. a4 Rab6 25. Bd2 Ba6 26. Ba5 R6b7 27. Be1 Bd4 28. Nc4
Bxc4 29. Qxc4 Bg7 30. Qc2 Rb6 31. a5 Rb5 32. Bf1 Ne5 33. Kg2 Qb7 34. e3 Rxb3 35.
a6 Rxb1 36. axb7 R1xb7 37. Bc3 Nd7 38. Bxg7 Kxg7 39. Qc3+ Kg8 40. Rd2 Nf6 41.
Qc2 Ng4 42. h3 Ne5 43. Be2 Rb3 44. Qa2 Kf8 45. Rc2 Nd7 46. Qa7 Nf6 47. Rd2 R3b4
48. Qa2 Ne4 49. Rc2 Nf6 50. Bf3 Rb3 51. Qa7 R3b7 52. Qa5 Rb5 53. Qd2 Rb4 54. Ra2
Rb3 55. g4 Nd7 56. Be2 f6 57. Qc2 Ne5 58. h4 R3b4 59. Ra4 Rb2 60. Qd1 Rb1 61.
Ra8 1-0

[Event "World Blitz 2015"]
[Site "Berlin GER"]
[Date "2015.10.13"]
[Round "9.68"]
[White "Handke, Florian"]
[Black "Savchenko, Boris"]
[Result "0-1"]
[WhiteTitle "GM"]
[BlackTitle "GM"]
[WhiteElo "2531"]
[BlackElo "2567"]
[WhiteFideId "4634527"]
[BlackFideId "4147332"]
[EventDate "2015.10.13"]

1. d4 e6 2. Nf3 c5 3. e3 b6 4. b3 Bb7 5. Bb2 Nf6 6. Nbd2 Be7 7. Bd3 O-O 8. O-O
d5 9. c4 Nbd7 10. Qe2 Rc8 11. Rfd1 Rc7 12. Rac1 Qa8 13. Qf1 cxd4 14. Nxd4 a6 15.
cxd5 Rxc1 16. Rxc1 Nxd5 17. N2f3 Rc8 18. h3 h6 19. Bb1 N5f6 20. Rxc8+ Qxc8 21.
Qc1 Qa8 22. Bd3 Nc5 23. Bf1 Nfe4 24. Nd2 Bf6 25. N4f3 Be7 26. Nxe4 Bxe4 27. Nd2
Bd5 28. Qa1 Bf8 29. Bd4 Qb7 30. Qb2 b5 31. a3 Qc6 32. b4 Na4 33. Qb1 Qd7 34. Nb3
Ba8 35. Nc5 Nxc5 36. Bxc5 Bxc5 37. bxc5 Qd2 38. a4 b4 39. Bxa6 Qd5 40. Bf1 Qxc5
41. Qd1 0-1

[Event "World Blitz 2015"]
[Site "Berlin GER"]
[Date "2015.10.13"]
[Round "9.69"]
[White "Romanov, Evgeny"]
[Black "Kovalev, Vladislav"]
[Result "1-0"]
[WhiteTitle "GM"]
[BlackTitle "GM"]
[WhiteElo "2573"]
[BlackElo "2546"]
[WhiteFideId "4148843"]
[BlackFideId "13504398"]
[EventDate "2015.10.13"]

1. d4 Nf6 2. Nf3 g6 3. Bg5 Bg7 4. Nbd2 d5 5. e3 c5 6. c3 O-O 7. dxc5 a5 8. a4
Nbd7 9. Nb3 Qc7 10. Bf4 e5 11. Bg3 Rd8 12. Bb5 Ne4 13. Bh4 Ndf6 14. O-O h6 15.
Qe2 g5 16. Bg3 Nh5 17. Bxe5 Bxe5 18. Nxe5 Ng7 19. Nd3 Ne6 20. Qh5 Kg7 21. f4 Nf6
22. Qe2 g4 23. Rad1 h5 24. Qf2 Ne4 25. Qh4 f5 26. Ne5 N6xc5 27. Nxc5 Qxc5 28.
Qxd8 Be6 29. Qxa8 Qxe3+ 30. Kh1 h4 31. Qxb7+ Kf6 32. Qh7 h3 33. Qh4+ Kg7 34.
Qe7+ Kh8 35. Qf6+ Kh7 36. Qxe6 Nf2+ 37. Rxf2 Qxf2 38. Qg6+ 1-0

[Event "World Blitz 2015"]
[Site "Berlin GER"]
[Date "2015.10.13"]
[Round "9.70"]
[White "Bok, Benjamin"]
[Black "Teske, Henrik"]
[Result "1-0"]
[WhiteTitle "GM"]
[BlackTitle "GM"]
[WhiteElo "2591"]
[BlackElo "2475"]
[WhiteFideId "1017063"]
[BlackFideId "4611500"]
[EventDate "2015.10.13"]

1. e4 Nc6 2. Nf3 f5 3. exf5 d5 4. Bb5 Bxf5 5. O-O Nf6 6. Ne5 Qd6 7. d4 Nd7 8.
Bxc6 bxc6 9. Bf4 Nxe5 10. Bxe5 Qg6 11. Nd2 e6 12. Bxc7 Rc8 13. Bg3 Bxc2 14. Qf3
Bb4 15. Qe3 O-O 16. Rac1 Bd3 17. Rfd1 Bxd2 18. Rxd2 Bf5 19. Rdd1 Rf7 20. Rc3 Rb7
21. b3 h6 22. Rdc1 Rb6 23. Rc5 Kh7 24. h3 Be4 25. Kh2 Qf7 26. R1c3 Bf5 27. Qc1
Qb7 28. Be5 g5 29. Qd1 Rb5 30. Qc1 Rxc5 31. Rxc5 Bg6 32. Qa3 Rf8 33. Rxc6 Rf7
34. Qc5 Qd7 35. Rc7 Qe8 36. Rc8 1-0

[Event "World Blitz 2015"]
[Site "Berlin GER"]
[Date "2015.10.13"]
[Round "9.71"]
[White "Petursson, Margeir"]
[Black "Grandelius, Nils"]
[Result "0-1"]
[WhiteTitle "GM"]
[BlackTitle "GM"]
[WhiteElo "2520"]
[BlackElo "2647"]
[WhiteFideId "2300028"]
[BlackFideId "1710400"]
[EventDate "2015.10.13"]

1. c4 e6 2. g3 d5 3. Bg2 g6 4. Nf3 Bg7 5. O-O Nf6 6. d3 O-O 7. Bf4 b6 8. Nc3 Bb7
9. cxd5 exd5 10. Rc1 c5 11. d4 Na6 12. Be5 Re8 13. e3 Qe7 14. Qa4 Nc7 15. Rfd1
Ne6 16. dxc5 bxc5 17. Bxf6 Qxf6 18. Nxd5 Bxd5 19. Rxd5 Qxb2 20. Rcd1 Qb4 21. Qc2
Rab8 22. Bf1 Qa3 23. Bc4 Rb2 24. Qe4 Rb4 25. Qc2 Rb2 26. Qe4 Rb4 27. Qc2 Rb2 28.
Qe4 Qa4 29. Qd3 Rb4 30. Bb3 Qc6 31. Ne5 Bxe5 32. Rxe5 c4 33. Rc1 cxd3 34. Rxc6
Rd8 35. Rc1 d2 36. Rd1 Nc7 37. Rc5 Nb5 38. Rc2 a5 39. Rcxd2 Rxd2 40. Rxd2 a4 41.
Bd5 Nc3 42. f3 Nxd5 43. Rxd5 Rb2 0-1

[Event "World Blitz 2015"]
[Site "Berlin GER"]
[Date "2015.10.13"]
[Round "9.72"]
[White "Nikolic, Predrag"]
[Black "Seel, Christian"]
[Result "1-0"]
[WhiteTitle "GM"]
[BlackTitle "IM"]
[WhiteElo "2603"]
[BlackElo "2474"]
[WhiteFideId "14400014"]
[BlackFideId "4663098"]
[EventDate "2015.10.13"]

1. d4 d5 2. c4 c6 3. Nc3 Nf6 4. e3 a6 5. Bd2 g6 6. Nf3 Bg7 7. Rc1 O-O 8. c5 Nbd7
9. Na4 Re8 10. Be2 e5 11. Nxe5 Nxe5 12. dxe5 Ne4 13. O-O Bxe5 14. Be1 Qc7 15. g3
Bh3 16. Bf3 Bxf1 17. Kxf1 Rad8 18. Qc2 Ng5 19. Bg2 Ne6 20. Rd1 Bf6 21. b4 Kg7
22. Nb2 Ng5 23. Nd3 Ne4 24. Nf4 Qe5 25. Ne2 Qb2 26. Qxb2 Bxb2 27. Rb1 Bf6 28. h4
Be7 29. f3 Nf6 30. Bc3 Kg8 31. Nf4 Nd7 32. Bh3 Bf8 33. Kf2 Bg7 34. Bd4 Ne5 35.
Bf1 Nc4 36. Bxg7 Kxg7 37. Bxc4 dxc4 38. Ke2 Rd7 39. Rc1 Red8 40. e4 Rd2+ 41. Ke3
Rxa2 42. Rxc4 Rdd2 43. Nd3 Rg2 44. Rd4 Rxg3 45. Rd7 Ra3 46. Kf4 Rh3 47. Ne5
Rxh4+ 48. Kg3 Rh1 49. Rxf7+ Kg8 50. Rxb7 a5 51. b5 cxb5 52. c6 Rc1 53. Rxb5 a4
54. Rb7 Rac3 55. Ra7 a3 56. Kf4 Rc5 57. Rxa3 Rxc6 58. Nxc6 Rxc6 59. Ra7 Rc5 60.
e5 h6 61. Ke4 Rb5 62. e6 Kf8 63. Rf7+ Ke8 64. Rf6 Rb4+ 65. Ke5 Rb5+ 66. Kd6 Rb6+
67. Kc5 Rb3 68. f4 Ra3 69. Rxg6 Ra4 70. Kd6 Ra6+ 71. Ke5 Ke7 72. Rg7+ Ke8 73.
Kf6 Kf8 74. Rf7+ Kg8 75. Rd7 h5 76. f5 h4 77. Kg6 Kf8 78. Rf7+ Kg8 79. Rh7 Ra4
80. Rg7+ Kf8 81. e7+ Ke8 82. f6 Rg4+ 83. Kh7 Rf4 84. Rg8+ Kf7 85. e8=Q+ Kxf6 86.
Rg6+ 1-0

[Event "World Blitz 2015"]
[Site "Berlin GER"]
[Date "2015.10.13"]
[Round "9.73"]
[White "Al-Sayed, Mohammed"]
[Black "Agrest, Evgenij"]
[Result "1/2-1/2"]
[WhiteTitle "GM"]
[BlackTitle "GM"]
[WhiteElo "2520"]
[BlackElo "2596"]
[WhiteFideId "12100196"]
[BlackFideId "1705024"]
[EventDate "2015.10.13"]

1. d4 d5 2. c4 c6 3. Nc3 Nf6 4. e3 e6 5. Nf3 a6 6. b3 Bb4 7. Bd2 Bd6 8. Bd3 c5
9. cxd5 exd5 10. dxc5 Bxc5 11. O-O O-O 12. h3 Nc6 13. Ne2 Ne4 14. Qc2 Qe7 15.
Nc3 Nf6 16. Na4 Ba7 17. Rac1 Ne4 18. Nc3 Nf6 19. Ne2 Bd7 20. Bc3 Ne4 21. Bxe4
dxe4 22. Nfd4 Rac8 23. Nxc6 Bxc6 24. Qb2 Qg5 25. Rfd1 Bb8 26. Nf4 Rfe8 27. a4 f6
28. Ne2 Kh8 29. Bd4 Bd7 30. Kh1 Qh4 31. Rxc8 Rxc8 32. Bxf6 gxf6 33. Rxd7 Qxf2
34. Qd2 Rg8 35. Nf4 Qf1+ 36. Kh2 Bxf4+ 37. exf4 e3 38. Qc2 Qxf4+ 39. Kg1 Qh6 40.
Qc4 Qg5 41. Qe4 Qg6 42. Qxg6 hxg6 43. Rxb7 Rd8 44. Re7 Rd3 45. b4 Rd4 46. b5
axb5 47. axb5 Rb4 48. Rxe3 Rxb5 1/2-1/2

[Event "World Blitz 2015"]
[Site "Berlin GER"]
[Date "2015.10.13"]
[Round "9.74"]
[White "Hasangatin, Ramil"]
[Black "Motylev, Alexander"]
[Result "0-1"]
[WhiteTitle "GM"]
[BlackTitle "GM"]
[WhiteElo "2509"]
[BlackElo "2649"]
[WhiteFideId "4122160"]
[BlackFideId "4121830"]
[EventDate "2015.10.13"]

1. e4 c6 2. d4 d5 3. Nd2 dxe4 4. Nxe4 Bf5 5. Ng3 Bg6 6. Bc4 e6 7. N1e2 Bd6 8.
Nf4 Nf6 9. c3 Qc7 10. Qf3 Nbd7 11. Bb3 e5 12. Nxg6 hxg6 13. O-O e4 14. Qe2 Bf4
15. Re1 g5 16. Bxf4 Qxf4 17. h3 O-O-O 18. Qe3 Qh4 19. Nxe4 g4 20. Nd6+ Kc7 21.
Nxf7 gxh3 22. Nxh8 h2+ 23. Kh1 Rxh8 24. Qg3+ Qxg3 25. fxg3 Ng4 26. Rf1 Ndf6 27.
Rae1 Nh5 28. Rf3 Nxg3+ 0-1

[Event "World Blitz 2015"]
[Site "Berlin GER"]
[Date "2015.10.13"]
[Round "9.76"]
[White "Kunin, Vitaly"]
[Black "Halkias, Stelios"]
[Result "0-1"]
[WhiteTitle "GM"]
[BlackTitle "GM"]
[WhiteElo "2556"]
[BlackElo "2534"]
[WhiteFideId "4128737"]
[BlackFideId "4201809"]
[EventDate "2015.10.13"]

1. d4 Nf6 2. Nf3 e6 3. e3 b6 4. Bd3 Bb7 5. O-O g6 6. c4 Bg7 7. Nc3 d5 8. Qe2 O-O
9. b3 Nbd7 10. Bb2 c5 11. Rac1 cxd4 12. exd4 Re8 13. Rfe1 Nh5 14. Qe3 dxc4 15.
Bxc4 Bxf3 16. Qxf3 Bxd4 17. Rcd1 Ndf6 18. Na4 e5 19. Bxd4 exd4 20. Rxe8+ Qxe8
21. g4 Nxg4 22. Qxg4 b5 23. Bd5 bxa4 24. Bxa8 Qxa8 25. Qxd4 Qf3 26. Rd3 Qf5 27.
Qd8+ Kg7 28. Qd4+ Kg8 29. Qd5 Qg4+ 30. Kf1 axb3 31. axb3 Nf4 32. Qe4 g5 33. Rd8+
Kg7 34. Qe5+ Kh6 35. Qd6+ Ng6 36. Qg3 Qf5 37. Rd1 Nf4 38. Qf3 Qb5+ 39. Kg1 Qf5
40. Qc6+ f6 41. Qb7 Qg4+ 0-1

[Event "World Blitz 2015"]
[Site "Berlin GER"]
[Date "2015.10.13"]
[Round "9.77"]
[White "Rabiega, Robert"]
[Black "Rasmussen, Allan Stig"]
[Result "1-0"]
[WhiteTitle "GM"]
[BlackTitle "GM"]
[WhiteElo "2503"]
[BlackElo "2498"]
[WhiteFideId "4601475"]
[BlackFideId "1406000"]
[EventDate "2015.10.13"]

1. e4 c6 2. d4 d5 3. Nd2 dxe4 4. Nxe4 Nd7 5. Bc4 Ngf6 6. Nxf6+ Nxf6 7. Nf3 Bf5
8. O-O e6 9. c3 Be7 10. Qe2 O-O 11. h3 h6 12. Ne5 a5 13. a4 Nd5 14. Re1 c5 15.
dxc5 Bxc5 16. Qf3 Rc8 17. Qg3 Kh8 18. Rd1 Qe7 19. Bxd5 exd5 20. Rxd5 f6 21. Nf3
Be4 22. Rd1 Qf7 23. Nd4 Rfe8 24. Be3 Rcd8 25. Qh4 Qg6 26. Qg4 Qf7 27. Re1 f5 28.
Qg3 Bd6 29. Bf4 Bc5 30. Nb5 g5 31. Bc7 Rd2 32. Be5+ Kh7 33. Bd4 f4 34. Qg4 Bf8
35. Rad1 Rxb2 36. c4 Rc2 37. c5 Bf5 38. Qf3 Rxe1+ 39. Rxe1 Rd2 40. Qc3 Rd3 41.
Qb2 f3 42. Nd6 Qd5 43. Nxf5 Qxf5 44. Qxb7+ Kg6 45. g4 Qf7 46. Qe4+ 1-0

[Event "World Blitz 2015"]
[Site "Berlin GER"]
[Date "2015.10.13"]
[Round "9.78"]
[White "Carlstedt, Jonathan"]
[Black "Lagarde, Maxime"]
[Result "0-1"]
[WhiteTitle "IM"]
[BlackTitle "GM"]
[WhiteElo "2442"]
[BlackElo "2550"]
[WhiteFideId "24614386"]
[BlackFideId "662399"]
[EventDate "2015.10.13"]

1. c4 e5 2. g3 f5 3. Bg2 Nf6 4. Nc3 g6 5. d3 Bg7 6. e3 d6 7. Nge2 O-O 8. O-O c6
9. f4 Qe7 10. Qd2 Na6 11. b3 e4 12. Ba3 exd3 13. Qxd3 Nc5 14. Bxc5 dxc5 15. Rae1
Be6 16. e4 Rad8 17. Qf3 fxe4 18. Nxe4 Nxe4 19. Qxe4 Qf7 20. Nc1 Bf5 21. Qe7 Rd2
22. Qxf7+ Kxf7 23. a4 a5 24. Re2 Rfd8 25. Bf3 Rxe2 26. Bxe2 Rd2 27. Rd1 Bd4+ 28.
Kf1 Rb2 29. Ke1 Bc2 30. Nd3 Bxd1 0-1

[Event "World Blitz 2015"]
[Site "Berlin GER"]
[Date "2015.10.13"]
[Round "9.79"]
[White "Ehlvest, Jaan"]
[Black "Tari, Aryan"]
[Result "1-0"]
[WhiteTitle "GM"]
[BlackTitle "IM"]
[WhiteElo "2535"]
[BlackElo "2521"]
[WhiteFideId "4500016"]
[BlackFideId "1510045"]
[EventDate "2015.10.13"]

1. Nf3 d5 2. c4 d4 3. b4 Bg4 4. g3 Bxf3 5. exf3 Nf6 6. f4 e6 7. Bg2 c6 8. a3 a5
9. b5 Qc7 10. O-O Nbd7 11. Bb2 Bc5 12. d3 O-O 13. Nd2 a4 14. Qf3 Rfc8 15. Rfe1
Qd6 16. f5 Ne5 17. Qe2 Neg4 18. h3 Nh6 19. fxe6 Re8 20. exf7+ Nxf7 21. Qf1 Ne5
22. f4 Nf7 23. Ne4 Nxe4 24. Rxe4 cxb5 25. cxb5 Rxe4 26. Bxe4 Re8 27. Kg2 b6 28.
Qc1 Qe6 29. Qc2 Nd6 30. Re1 Nf5 31. Qxa4 Ne3+ 32. Kh2 Qa2 33. Re2 Rxe4 34. Qa8+
Kf7 35. Qxe4 Bxa3 36. Qxd4 Bc5 37. Qxg7+ Ke6 38. Qe5+ Kd7 39. f5 Qb1 40. Qe6+
Kc7 41. Be5+ Kb7 42. Qf7+ Ka8 43. Ra2+ 1-0

[Event "World Blitz 2015"]
[Site "Berlin GER"]
[Date "2015.10.13"]
[Round "9.80"]
[White "Naumann, Alexander"]
[Black "Bruedigam, Martin"]
[Result "1-0"]
[WhiteTitle "GM"]
[BlackTitle "FM"]
[WhiteElo "2545"]
[BlackElo "2375"]
[WhiteFideId "4623169"]
[BlackFideId "24608033"]
[EventDate "2015.10.13"]

1. d4 Nf6 2. c4 e6 3. g3 Bb4+ 4. Bd2 a5 5. Bg2 d6 6. e4 e5 7. Ne2 Nc6 8. d5
Bxd2+ 9. Qxd2 Nb8 10. Nbc3 O-O 11. O-O Nbd7 12. f4 exf4 13. gxf4 Re8 14. Ng3 Nc5
15. Rae1 a4 16. Kh1 Ra6 17. e5 Ng4 18. Bf3 dxe5 19. Bxg4 Bxg4 20. fxe5 Rg6 21.
Qf2 Nd3 22. Qxf7+ Kh8 23. Re3 Nxb2 24. e6 Rf6 25. Rxf6 gxf6 26. e7 Qd7 27. Qf8+ 1-0

[Event "World Blitz 2015"]
[Site "Berlin GER"]
[Date "2015.10.13"]
[Round "9.81"]
[White "Sumets, Andrey"]
[Black "Vogel, Roven"]
[Result "1-0"]
[WhiteTitle "GM"]
[WhiteElo "2583"]
[BlackElo "2417"]
[WhiteFideId "14105500"]
[BlackFideId "12908088"]
[EventDate "2015.10.13"]

1. Nf3 d5 2. d4 Nf6 3. c4 c6 4. cxd5 cxd5 5. Nc3 Nc6 6. Bf4 a6 7. Rc1 e6 8. e3
Bd6 9. Bg3 O-O 10. Bd3 Bxg3 11. hxg3 Bd7 12. Ne5 h6 13. Bb1 Rc8 14. f4 Qb6 15.
Qd2 Rfd8 16. Na4 Qa7 17. Nc5 Be8 18. O-O b6 19. Nb3 a5 20. Rc3 a4 21. Nc1 Ne4
22. Bxe4 dxe4 23. Qc2 Qa8 24. Qxe4 Nxe5 25. Qxa8 Rxa8 26. fxe5 Rac8 27. Ne2 Bb5
28. Rfc1 Rxc3 29. Nxc3 Bc6 30. a3 Kf8 31. Na2 Be8 32. Rc7 Rd5 33. Nb4 Rb5 34.
Kf2 f6 35. exf6 gxf6 36. e4 Rh5 37. Rb7 b5 38. Na6 Rh1 39. Nc5 Bf7 40. Rxb5 Rd1
41. Rb4 Rd2+ 42. Kg1 Rd1+ 43. Kh2 Re1 44. Rxa4 Rb1 45. Rb4 Kg7 46. a4 Ra1 47.
Rb6 Kg6 48. b3 h5 49. Nxe6 Bxe6 50. Rxe6 Kf7 51. Rb6 Re1 52. a5 Rxe4 53. a6 Rxd4
54. a7 Rd8 55. Rb8 1-0

[Event "World Blitz 2015"]
[Site "Berlin GER"]
[Date "2015.10.13"]
[Round "9.82"]
[White "Piorun, Kacper"]
[Black "Ben Artzi, Ido"]
[Result "1-0"]
[WhiteTitle "GM"]
[BlackTitle "IM"]
[WhiteElo "2609"]
[BlackElo "2419"]
[WhiteFideId "1130420"]
[BlackFideId "2810913"]
[EventDate "2015.10.13"]

1. Nf3 Nf6 2. g3 g6 3. Bg2 Bg7 4. O-O d5 5. d3 O-O 6. Nbd2 Nc6 7. e4 e5 8. exd5
Nxd5 9. Re1 Re8 10. Nc4 f6 11. a4 Be6 12. c3 Qd7 13. a5 a6 14. Nfd2 Rad8 15. Ne4
Qc8 16. Qa4 Bh3 17. Bh1 Bf8 18. Ne3 Nxe3 19. Bxe3 Be7 20. d4 f5 21. Qc4+ Kh8 22.
Ng5 f4 23. Nf7+ Kg7 24. Nxd8 fxe3 25. Nxc6 exf2+ 26. Kxf2 bxc6 27. Bg2 Rf8+ 28.
Kg1 Bxg2 29. Kxg2 Qg4 30. Qe2 Qd7 31. Qxe5+ Bf6 32. Qe6 Qd8 33. Qxc6 Bg5 34. Rf1
Re8 35. Rae1 Be7 36. Qe6 Qa8+ 37. Kg1 Qd8 38. Rf7+ Kh6 39. Rxe7 1-0